Âm nhạc xuyên màn đêm Câu chuyện về sự sinh tồn ở Campuchia
Αποθηκεύτηκε σε:
| Κύριος συγγραφέας: | |
|---|---|
| Μορφή: | Βιβλίο |
| Γλώσσα: | Undetermined |
| Έκδοση: |
Hà Nội
Văn học
2007
|
| Θέματα: | |
| Ετικέτες: |
Προσθήκη ετικέτας
Δεν υπάρχουν, Καταχωρήστε ετικέτα πρώτοι!
|
| Thư viện lưu trữ: | Trung tâm Học liệu Trường Đại học Cần Thơ |
|---|
| LEADER | 00668nam a2200205Ia 4500 | ||
|---|---|---|---|
| 001 | CTU_127983 | ||
| 008 | 210402s9999 xx 000 0 und d | ||
| 020 | |c 34000 | ||
| 082 | |a 818.54 | ||
| 082 | |b L169 | ||
| 100 | |a Lafreniere, Bree | ||
| 245 | 0 | |a Âm nhạc xuyên màn đêm | |
| 245 | 0 | |b Câu chuyện về sự sinh tồn ở Campuchia | |
| 245 | 0 | |c Bree Lafreniere, Daran Kravanh; Đỗ Linh biên dịch; Huyền My, Thanh Trà hiệu đính | |
| 260 | |a Hà Nội | ||
| 260 | |b Văn học | ||
| 260 | |c 2007 | ||
| 650 | |a American literature | ||
| 904 | |i Tuyến | ||
| 980 | |a Trung tâm Học liệu Trường Đại học Cần Thơ | ||